| 000 | 01269nam a2200277 i 4500 | ||
|---|---|---|---|
| 001 | 145519 | ||
| 003 | ES-MaACL | ||
| 005 | 20251124063455.0 | ||
| 007 | t| | ||
| 008 | 071015m19431944mx ||||1| spa d | ||
| 080 | _a272-789.5-76(794)"17" | ||
| 080 | _a272-789.5-76(722)"17" | ||
| 080 | _a913(794)(02)"17" | ||
| 080 | _a913(722)(02)"17" | ||
| 100 | 1 |
_aVenegas, Miguel, _d1680-1764 _9174580 |
|
| 245 | 1 | 9 |
_aNoticia de la California y de su conquista temporal y espiritual hasta el tiempo presente : _bsacada de la historia manuscrita formada en México, año de 1739 / _cpor el padre Miguel Venegas, de la Compañía de Jesús ; y de otras noticias y relaciones, antiguas y modernas, añadida de algunos mapas... |
| 260 |
_aMéxico : _bLayac, _c1943-1944. |
||
| 300 |
_a3 v. ; _c25 cm. |
||
| 534 |
_pReprod. de la ed. de: _cMadrid : Vda. de Manuel Fernández, 1757. |
||
| 610 | 2 | 4 |
_aJesuitas- _xMisiones- _zCalifornia (Estados Unidos, Estado) _9174581 |
| 610 | 2 | 4 |
_aJesuitas- _xMisiones- _zBaja California (México, Península) _9174582 |
| 651 | 4 |
_aCalifornia (Estados Unidos, Estado)- _xDescripción. _9174583 |
|
| 651 | 4 |
_aBaja California (México, Península)- _xDescripción. _9174584 |
|
| 852 | 4 |
_aES-MaACL _jF-16179-81 |
|
| 999 |
_c145519 _d145519 |
||